| 000 | 01118nam a22002297a 4500 | ||
|---|---|---|---|
| 999 |
_c59799 _d59799 |
||
| 005 | 20230420110057.0 | ||
| 008 | 230420s2022 enk||||| |||| 00| 0 eng d | ||
| 020 | _a9789941332289 | ||
| 041 | _aeng | ||
| 080 | _a61(038) + 811.124'36 L-36 | ||
| 245 |
_aLatin medical terminology = ლათინური სამედიცინო ტერმინოლოგია _bStudent' s book and workbook / _cNana Amiranashvili, Neli Khatiashvili, Manana Kutelia, Nana Amashukeli ; Tbilisi State Medical University, the Foreign Language Teaching Centre. |
||
| 264 |
_aთბილისი : _bუნივერსალი, _c2022. |
||
| 300 |
_a184 გვ. ; _b24 სმ. |
||
| 653 | _aლათინური ენა | ||
| 653 | _aმედიცინა | ||
| 700 |
_aAmiranashvili, Nana _eავტორი _917690 |
||
| 700 |
_aKhatiashvili, Neli _eავტორი _917691 |
||
| 700 |
_aKutelia, Manana _eავტორი _917692 |
||
| 700 |
_aAmashukeli, Nana _eავტორი _917693 |
||
| 710 |
_aTbilisi State Medical University _dForeign Language Teaching Centre _917694 |
||
| 942 |
_2udc _cBK |
||